[Event "SLO-ch U12"]
[Site "Murska Sobota"]
[Date "2007.03.01"]
[Round "7"]
[White "Krautberger, Matej"]
[Black "Gnidovec, Tilen"]
[Result "0-1"]
[WhiteElo "1500"]
[BlackElo "1515"]
[PlyCount "100"]
[EventDate "2007.02.25"]
[EventType "swiss"]
[EventRounds "9"]
[EventCountry "SLO"]
[SourceTitle "CBM 117 Extra"]
[Source "ChessBase"]
[SourceDate "2007.05.09"]
[SourceVersion "1"]
[SourceVersionDate "2007.05.09"]
[SourceQuality "1"]

1. e4 c5 2. Nf3 e6 3. Bc4 a6 4. d4 cxd4 5. Nxd4 b5 6. Be2 Bb7 7. Bf3 Nf6 8. e5 Nd5 9. 0-0 Qc7 10. Nc3 Nxc3 11. bxc3 Nc6 12. Bf4 Be7 13. g3 0-0 14. Bg2 Rab8 15. Ne2 Rfd8 16. Nd4 Nxe5 17. Bxb7 Rxb7 18. Qe1 Bd6 19. Qe3 Ng6 20. Bxd6 Qxd6 21. Qf3 Rc7 22. a4 Ne5 23. Qe3 Nc4 24. Qg5 Rb8 25. axb5 Rc5 26. Qg4 axb5 27. Rad1 Qe7 28. Qf4 Qf8 29. Nb3 Rf5 30. Qd4 d5 31. Nc5 Qd8 32. Na6 Ra8 33. Nc5 h6 34. Nb7 Qc7 35. Nc5 Nb2 36. Rb1 Ra2 37. Qb4 Nc4 38. Qxb5 Rxc2 39. Na6 Qe7 40. Rb3 Nd2 41. Qd3 Nxb3 42. Qxc2 Nc5 43. Nb4 Ne4 44. f3 Qc5+ 45. Kg2 Nxc3 46. g4 Rf6 47. Na6 Qc4 48. Ra1 Rg6 49. Kg3 Ne2+ 50. Qxe2 Qxe2 0-1

[Event "SLO-ch U12"]
[Site "Murska Sobota"]
[Date "2007.03.01"]
[Round "8"]
[White "Krstic, Aljosa"]
[Black "Krautberger, Matej"]
[Result "0-1"]
[WhiteElo "1500"]
[BlackElo "1500"]
[PlyCount "22"]
[EventDate "2007.02.25"]
[EventType "swiss"]
[EventRounds "9"]
[EventCountry "SLO"]
[SourceTitle "CBM 117 Extra"]
[Source "ChessBase"]
[SourceDate "2007.05.09"]
[SourceVersion "1"]
[SourceVersionDate "2007.05.09"]
[SourceQuality "1"]

1. e4 e5 2. Nc3 Nf6 3. Bc4 Nxe4 4. Qh5 Nd6 5. Bb3 Nc6 6. Nb5 g6 7. Qf3 Nf5 8. Qd5 Qe7 9. Nxc7+ Kd8 10. Nxa8 Nb4 11. c3 Nxd5 0-1

[Event "SLO-ch U12"]
[Site "Murska Sobota"]
[Date "2007.02.27"]
[Round "5"]
[White "Krautberger, Matej"]
[Black "Debeljak, Vid"]
[Result "1/2-1/2"]
[WhiteElo "1500"]
[BlackElo "1500"]
[PlyCount "163"]
[EventDate "2007.02.25"]
[EventType "swiss"]
[EventRounds "9"]
[EventCountry "SLO"]
[SourceTitle "CBM 117 Extra"]
[Source "ChessBase"]
[SourceDate "2007.05.09"]
[SourceVersion "1"]
[SourceVersionDate "2007.05.09"]
[SourceQuality "1"]

1. d4 d5 2. Nc3 Nf6 3. Nf3 Nc6 4. Bf4 Bf5 5. e3 a6 6. Bd3 Be4 7. Ng5 Bxd3 8. Qxd3 e6 9. a3 Bd6 10. Bxd6 Qxd6 11. 0-0 Ng4 12. g3 Nf6 13. Na4 b6 14. b3 h6 15. Nf3 0-0 16. Nb2 e5 17. dxe5 Nxe5 18. Nxe5 Qxe5 19. Ra2 Rfd8 20. c3 Ng4 21. h3 Nf6 22. Nd1 a5 23. a4 c5 24. Re2 Qe4 25. Qxe4 Nxe4 26. Kg2 c4 27. f3 Nf6 28. Rb2 cxb3 29. Rxb3 Rab8 30. Nb2 Nd7 31. Nd3 Nc5 32. Nxc5 bxc5 33. Rxb8 Rxb8 34. Rd1 Rb3 35. Rd3 d4 36. exd4 cxd4 37. Rxd4 Rxc3 38. g4 Rc5 39. Rd8+ Kh7 40. Ra8 f5 41. Kg3 fxg4 42. hxg4 Re5 43. Ra7 Rc5 44. Kh4 Kg8 45. Rb7 Rc4 46. Rb8+ Kf7 47. Rb7+ Kg8 48. Rb8+ Kh7 49. Kg3 Rxa4 50. Ra8 Ra1 51. Kf4 g5+ 52. Ke5 Ra3 53. Ra7+ Kg8 54. f4 gxf4 55. Kxf4 Ra4+ 56. Kf5 Ra1 57. Kg6 Kf8 58. Kxh6 Ke8 59. g5 a4 60. g6 Rh1+ 61. Kg7 Rh4 62. Kf6 Rf4+ 63. Ke5 Rg4 64. g7 Rg5+ 65. Kf6 Rg4 66. Rf7 Rf4+ 67. Kg6 Rxf7 68. g8Q+ Rf8 69. Qe6+ Kd8 70. Kg7 Re8 71. Qd5+ Kc8 72. Kf7 Rd8 73. Qc6+ Kb8 74. Ke7 Rd1 75. Qxa4 Rc1 76. Qb4+ Kc8 77. Qg4+ Kb7 78. Qb4+ Kc8 79. Qa5 Kb7 80. Qb5+ Ka8 81. Qb6 Rc7+ 82. Qxc7 1/2-1/2

[Event "SLO-ch U12"]
[Site "Murska Sobota"]
[Date "2007.02.27"]
[Round "4"]
[White "Krautberger, Matej"]
[Black "Pungarcic, Tine"]
[Result "0-1"]
[WhiteElo "1500"]
[BlackElo "1500"]
[PlyCount "58"]
[EventDate "2007.02.25"]
[EventType "swiss"]
[EventRounds "9"]
[EventCountry "SLO"]
[SourceTitle "CBM 117 Extra"]
[Source "ChessBase"]
[SourceDate "2007.05.09"]
[SourceVersion "1"]
[SourceVersionDate "2007.05.09"]
[SourceQuality "1"]

1. e4 c5 2. Nf3 e6 3. c4 a6 4. Nc3 Qc7 5. d3 Nc6 6. Be3 b6 7. g3 Bb7 8. Bf4 d6 9. Bg2 Nf6 10. 0-0 Be7 11. a4 0-0 12. b3 Rfd8 13. Rc1 e5 14. Be3 Bc8 15. Ng5 h6 16. Nh3 Bd7 17. Kh1 Qc8 18. f4 Bxh3 19. Bxh3 Qxh3 20. fxe5 Ng4 21. Qd2 Ncxe5 22. Nd5 Nxe3 23. Nxe7+ Kf8 24. Qxe3 Ng4 25. Qe2 Kxe7 26. Rc2 Nxh2 27. Qxh2 Qxf1+ 28. Qg1 Qxg1+ 29. Kxg1 Rh8 0-1

[Event "SLO-ch U12"]
[Site "Murska Sobota"]
[Date "2007.02.26"]
[Round "2"]
[White "Krautberger, Matej"]
[Black "Koscak, Jan"]
[Result "0-1"]
[WhiteElo "1500"]
[BlackElo "1530"]
[PlyCount "58"]
[EventDate "2007.02.25"]
[EventType "swiss"]
[EventRounds "9"]
[EventCountry "SLO"]
[SourceTitle "CBM 117 Extra"]
[Source "ChessBase"]
[SourceDate "2007.05.09"]
[SourceVersion "1"]
[SourceVersionDate "2007.05.09"]
[SourceQuality "1"]

1. d4 Nf6 2. Nc3 e6 3. e4 c5 4. Nge2 Qb6 5. Be3 d6 6. b3 Nc6 7. d5 exd5 8. exd5 Ne5 9. Nf4 g6 10. Na4 Qa5+ 11. Bd2 Qc7 12. Bd3 Bg7 13. Bb5+ Bd7 14. Bxd7+ Qxd7 15. 0-0 0-0 16. Be3 c4 17. h3 b5 18. Nc3 Rac8 19. Qc1 Rc7 20. Qb2 Re8 21. Rad1 g5 22. Nfe2 h6 23. Nd4 Rb8 24. Nde2 a6 25. f4 gxf4 26. Nxf4 Kh7 27. Nfe2 Qe7 28. Rf3 Nxf3+ 29. gxf3 Qxe3+ 0-1

[Event "SLO-ch U12"]
[Site "Murska Sobota"]
[Date "2007.02.25"]
[Round "1"]
[White "Pregelj, Maj"]
[Black "Krautberger, Matej"]
[Result "1-0"]
[WhiteElo "1540"]
[BlackElo "1500"]
[PlyCount "55"]
[EventDate "2007.02.25"]
[EventType "swiss"]
[EventRounds "9"]
[EventCountry "SLO"]
[SourceTitle "CBM 117 Extra"]
[Source "ChessBase"]
[SourceDate "2007.05.09"]
[SourceVersion "1"]
[SourceVersionDate "2007.05.09"]
[SourceQuality "1"]

1. e4 e5 2. Nf3 Nc6 3. Nc3 Nf6 4. Bb5 a6 5. Bc4 Bc5 6. d3 h6 7. 0-0 0-0 8. Qe2 d6 9. Nd5 Nxd5 10. Bxd5 Nb4 11. Bd2 Nxd5 12. exd5 Re8 13. Rfe1 b6 14. d4 Bxd4 15. Nxd4 Bb7 16. Nf3 Bxd5 17. c3 Bxf3 18. Qxf3 e4 19. Qg3 Qf6 20. Re2 Ra7 21. Rae1 d5 22. f3 b5 23. fxe4 Qb6+ 24. Kh1 Rd8 25. Qd3 c5 26. exd5 c4 27. Re8+ Rxe8 28. Rxe8# 1-0